ბათუმის შოთა რუსთაველის სახელმწიფო უნივერსიტეტის ბიბლიოთეკა

წმიდათა ცხოვრებანი : (ბიბ.ჩანაწერი № 58939)

000 -ლიდერი
ფიქსირებული სიგრძის საკონტროლო ველი 01408nam a22002297a 4500
003 - საკონტროლო ნომრის იდენტიფიკატორი
საკონტროლო ველი Ge_BSU
005 - ბოლო ოპერაციის თარიღი და დრო
საკონტროლო ველი 20221021123939.0
008 - ფიქსირებული სიგრძის მონაცემთა ელემენტები - ზოგადი ინფორმაცია
ფიქსირებული სიგრძის საკონტროლო ველი 221021s2006 ge ||||| |||| 00| 0 geo d
020 ## - წიგნის საერთაშორისო სტანდარტული ნომერი
International Standard Book Number 9994027794
041 ## - ენის კოდი
Language code of text/sound track or separate title geo
080 ## - უნივერსალური ათობითი კლასიფიკაციის ინდექსი
Universal Decimal Classification number 27-36 წ-71
245 ## - ცნობა სათაურის შესახებ
Title წმიდათა ცხოვრებანი :
Remainder of title წ. 1, იანვარი-ივნისი /
Statement of responsibility, etc [წიგნის შედგენაზე მუშაობდნენ: დეკანოზი ზაქარია მაჩიტაძე, მანანა ბუკია, მაკა ბულია ; დაიბეჭდა... საქ. კათოლიკოს-პატრიარქის ილია II-ის ლოცვა-კურთხევით]
250 ## - გამოცემის ცნობა
Edition statement მე-3 გამოცემა
300 ## - ფიზიკური აღწერა
Extent 551 გვ.;
Other physical details 29 სმ.
500 ## - ზოგადი შენიშვნა
General note დაიბეჭდა... საქ. კათოლიკოს-პატრიარქის ილია II-ის ლოცვა-კურთხევით
653 ## - INDEX TERM--UNCONTROLLED
Uncontrolled term რელიგია
653 ## - INDEX TERM--UNCONTROLLED
Uncontrolled term ქრისტიანობა
700 ## - ADDED ENTRY--PERSONAL NAME
Personal name მაჩიტაძე, ზაქარია
Relator term შემდგენელი
9 (RLIN) 15442
700 ## - ADDED ENTRY--PERSONAL NAME
Personal name ბუკია, მანანა
Relator term შემდგენელი
9 (RLIN) 15443
700 ## - ADDED ENTRY--PERSONAL NAME
Personal name ბულია, მაკა
Relator term შემდგენელი
9 (RLIN) 15444
942 ## - ADDED ENTRY ELEMENTS (KOHA)
Source of classification or shelving scheme
Koha item type წიგნი
ეგზემპლარები
ჩამოწერის სტატუსი დაკარგული ეგზემპლარის სტატუსი კლასიფიკაციის წყარო ან თაროზე გაწყობის სქემა დაზიანების სტატუსი არ გაიცემა მუდმივი მდებარეობა (დაცვის ადგილი) ამჟამინდელი ადგილსამყოფელი თაროზე განთავსების ადგილი შეძენის თარიღი ღირებულება, შესყიდვის ნორმალური ფასი სრული შენახვის შიფრი შტრიხკოდი ბოლო ოპერაციის თარიღი ეგზემპლარის მიმდევრობითი ნომერი (კეტერი?) ფასის ძალაში შესვლის თარიღი ეგზემპლარის სახეობა საჯარო შენიშვნა
          ბათუმის შოთა რუსთაველის სახელმწიფო უნივერსიტეტის მთავარი ბიბლიოთეკა ბათუმის შოთა რუსთაველის სახელმწიფო უნივერსიტეტის მთავარი ბიბლიოთეკა წიგნსაცავი 2022-10-21 45.00 27-36 წ-71 28728 2022-10-21 28728 2022-10-21 წიგნი 45 ლ.